000 01112nam a2200301 i 4500
003 EG-GICUC
005 20260121101644.0
008 260104s2003 ua ||||fr|||| 000 0 ara d
040 _a EG-GICUC
_bara
_c EG-GICUC
_d EG-GICUC
_erda
041 0 _aara
082 0 4 _221
_a343.651
_bم أ . إ
092 0 4 _221
099 _aLaw1 10 343.651 م أ . إ1993
100 0 _aمأمون محمد سلامة.
_eمؤلف.
245 1 0 _aإجرام العنف /
_cمأمون محمد سلامة.
264 1 _aالقاهرة :
_bدار النهضة العربية,
_c2003.
300 _a141صفحة, صفحات غير مرقمة ؛
_c24 سم.
_bإيضاحيات، صور، مثيليات ؛
336 _2rda content
_atext
337 _2rda media
_aComputer
338 _2rda carrier
_aOnline Resource
504 _aيشتمل على إرجاعات ببليوجرافية.
546 _aالنص باللغة العربية
650 1 _aالإجرام العنف.
_2qrmak
651 1 _2qrmak
856 4 0 _uhttps://fll.law.cu.edu.eg/fulltext/bks/B10-07078.pdf
905 _a62
_eYara
942 _2ddc
_n0
_cBK
_e21
999 _c54357
_d54357